000 00729 a2200205 4500
010 _aENG-89329
020 _a1831303412
_c595.00
035 _aEN-72862
037 _bDBAD / PUB
082 1 4 _a647.94
090 _c10766
_d10766
100 1 _aMohanty, Pragati
245 1 _aHotel industry and tourism in India/
_cby Pragati Mohanty
260 _aNew Delhi
_bAPH Publishing Corporation
_c2008
270 _a4435-36/7, Ansari Road, Darya Ganj,
_bNew Delhi
_cDelhi
_e110002
300 _axiv, 262 p.
_c22 cm ( Hb.)
500 _aIncludes appendix, bibliographical references and index
942 _adpl
_cEN
_k647.94/ MOH
999 _c10470
_d10470